Famous Seconds Quiz Stats

 Plays Quiz Updated Oct 17, 2018

Score 0/40 Timer 08:00
3 Plays Today
Second Answer % Correct
Greek Letter Namebeta
91.2%
President of the United StatesJohn Adams
86.3%
Largest OceanAtlantic Ocean
81.1%
Largest ContinentAfrica
78.4%
Planet from the SunVenus
75.3%
Most Populous NationIndia
70.9%
Gift from the 12 Days of ChristmasTwo Turtledoves
62.4%
Most Practiced ReligionIslam
62.3%
Longest RiverAmazon
62.1%
Impeached PresidentBill Clinton
61.7%
Child of Princess Diana and CharlesPrince Henry of Wales
61.6%
Largest CountryCanada
61.5%
Released Star Wars MovieThe Empire Strikes Back
56.3%
Vice President of the United StatesThomas Jefferson
55.2%
Most NBA ChampionshipsLos Angeles Lakers
53.8%
Person on the MoonEdwin Aldrin
51.1%
Book of the BibleExodus
50.6%
US StatePennsylvania
45.4%
Most Home Runs in MLB HistoryHank Aaron
44.4%
Most Abundant Element in the UniverseHelium
42.9%
Second Answer % Correct
Tallest MountainK2
41.1%
Leading Cause of Death (US)Cancer
35.9%
Zodiac Sign of the Calendar YearPisces
34.4%
World Cup WinnerItaly
31.5%
Franchise to win the Super BowlNew York Jets
30.7%
Most Ductile or Malleable MetalSilver
29.5%
Fly Solo Non Stop Across the AtlanticAmelia Earhart
29.1%
Wife of Henry VIIIAnne Boleyn
28%
Lead Singer of Van HalenSammy Hagar
24.7%
Location of the Modern OlympicsParis
22%
Largest State of AustraliaQueensland
20.7%
James Bond MovieFrom Russia with Love
19.2%
Longest Railway TunnelChannel Tunnel
14.2%
Disney's Full Feature FilmPinocchio
13.4%
Wife of Donald TrumpMarla Maples
10.8%
Person to Circumnavigate the WorldSir Francis Drake
9.6%
Führer of Germany's Third ReichAdmiral Dönitz
3.1%
Published Sherlock Holmes NovelThe Sign of the Four
2.5%
Prime Minister of CanadaAlexander Mackenzie
2.3%
Astronomer Royal (UK)Edmond Halley
1.5%

You're not logged in!

Compare scores with friends on all Sporcle quizzes.
OR
Log In

Sporcle TV

Today on Sporcle TV


Watch our educational content, quiz creation guides, and fun videos on Sporcle TV.

Show Comments

Extras

Top Quizzes Today


Score Distribution

Your Account Isn't Verified!

In order to create a playlist on Sporcle, you need to verify the email address you used during registration. Go to your Sporcle Settings to finish the process.

Report this User

Report this user for behavior that violates our Community Guidelines.

Details: